| 000 | 00867nam a22002057a 4500 | ||
|---|---|---|---|
| 001 | 000148112 | ||
| 003 | AM-YeHGA | ||
| 005 | 20250617123034.0 | ||
| 008 | 950720s1984 ru ||||| |||| 00| 0 rus d | ||
| 040 | _aAM-YeHGA | ||
| 041 | 0 | _arus | |
| 100 | 1 | _aКолосов, Петр Николаевич | |
| 245 | 1 | 0 |
_aПозднедокембрийские микроорганизмы востока Сибирской платформы / _cП. Н. Колосов. |
| 260 | 0 |
_aЯкутск : _bАН СССР. Сиб. отд-ние. Якутский фил., _c1984. |
|
| 300 |
_a84 с. : _b16 ил.; _c26 см. |
||
| 550 | _aАН СССР, Сиб. отд-ние, Якут. фил., Ин-т геологии | ||
| 650 | 1 | 4 | _aМикроорганизмы ископаемые - Кембрий - Сибирская платформа |
| 942 |
_2udc _cBK |
||
| 090 | _c50939 | ||
| 999 |
_c50166 _d50166 |
||